| 000 | 01892nam0a2200349 4500 | ||
|---|---|---|---|
| 001 | RU\NLR\bibl\66727 | ||
| 005 | 20250616093548.0 | ||
| 010 |
_a5-8245-0004-5 _930000 |
||
| 021 |
_aRU _b1999-43128 _92120 |
||
| 035 | _a(NLR Aleph) 000065095 | ||
| 090 |
_a356451 _c356451 |
||
| 100 | _a20000121d1999 |||y0rusy50 ca | ||
| 101 | 0 | _arus | |
| 102 | _aRU | ||
| 105 | _ay z ||||| | ||
| 200 | 1 |
_aСправочник по проблемам дорожно-транспортного происшествия _eДор.-трансп. происшествие: Кто виноват? и Что делать? _e[Практ. пособие по защите прав автомобилиста в уголовном процессе после дор.-трансп. происшествия] _fО.Д. Ярошик, И.Н. Русланова |
|
| 210 |
_aМ. _cАтласы автомобилей _d1999 |
||
| 215 |
_a192 с. _d21 |
||
| 225 | 1 | _aАтласы водителя | |
| 311 | _aПродолж. кн.: "Водитель в дорожно-транспортном происшествии: злодей или жертва" | ||
| 320 | _aБиблиогр.: с. 192 (8 назв.) | ||
| 488 | 0 |
_12001#$aВодитель в дорожно-транспортном происшествии: злодей или жертва _tВодитель в дорожно-транспортном происшествии: злодей или жертва |
|
| 606 | 0 |
_aАвтомобильный транспорт _jСправочники _xАварии и происшествия _9898375 _3RU\NLR\auth\666014 |
|
| 686 | _aХ629.211.2я2 | ||
| 700 | 1 |
_aЯрошик _bО. Д. _4070 |
|
| 701 | 1 |
_aРусланова _bИ. Н. _4070 |
|
| 801 | 0 |
_aRU _bNLR _c20000121 _gPSBO |
|
| 801 | 1 |
_aRU _bNLR _c20000121 |
|
| 852 |
_aNLR _j99-3/17298 |
||
| 942 | _cBOOK | ||
| 980 | _aNB | ||